| 000 -LEADER |
| fixed length control field |
03714cam a22003378a 4500 |
| 001 - CONTROL NUMBER |
| control field |
17003508 |
| 005 - DATE AND TIME OF LATEST TRANSACTION |
| control field |
20170105102352.0 |
| 008 - FIXED-LENGTH DATA ELEMENTS--GENERAL INFORMATION |
| fixed length control field |
111017s2012 ne b 001 0 eng |
| 010 ## - LIBRARY OF CONGRESS CONTROL NUMBER |
| LC control number |
2011042185 |
| 020 ## - INTERNATIONAL STANDARD BOOK NUMBER |
| International Standard Book Number |
9789004211469 (hardback : alk. paper) |
| 040 ## - CATALOGING SOURCE |
| Original cataloging agency |
DLC |
| Transcribing agency |
DLC |
| 042 ## - AUTHENTICATION CODE |
| Authentication code |
pcc |
| 050 00 - LIBRARY OF CONGRESS CALL NUMBER |
| Classification number |
HQ1170 |
| Item number |
.W598 2012 |
| 082 00 - DEWEY DECIMAL CLASSIFICATION NUMBER |
| Classification number |
305.48697 |
| Edition number |
23 |
| 245 00 - TITLE STATEMENT |
| Title |
Women, leadership and mosques : changes in contemporary Islamic authority |
| Remainder of title |
changes in contemporary Islamic authority |
| Statement of responsibility, etc. |
Masooda Bano and Hilary Kalmbach. |
| 260 ## - PUBLICATION, DISTRIBUTION, ETC. |
| Place of publication, distribution, etc. |
Leiden ; |
| -- |
Boston : |
| Name of publisher, distributor, etc. |
Brill, |
| Date of publication, distribution, etc. |
2012. |
| 263 ## - PROJECTED PUBLICATION DATE |
| Projected publication date |
1112 |
| 300 ## - PHYSICAL DESCRIPTION |
| Extent |
xvii, 581p. |
| Other physical details |
ill.; |
| Dimensions |
25 cm. |
| 490 0# - SERIES STATEMENT |
| Series statement |
Women and gender ; |
| Volume/sequential designation |
v. 11 |
| 504 ## - BIBLIOGRAPHY, ETC. NOTE |
| Bibliography, etc. note |
Includes bibliographical references and index. |
| 505 0# - FORMATTED CONTENTS NOTE |
| Formatted contents note |
Introduction : Islamic authority and the study of female religious leaders / Hilary Kalmbach -- Sources of authority : female Ahong and Qingzhen Nusi (women's mosques) in China / Maria Jaschok -- Women mosque preachers and spiritual guides : publicizing and negotiating women's religious authority in Morocco / Margaret J. Rausch -- Reshaping religious authority in contemporary Turkey : state-sponsored female preachers / Mona Hassan -- From quranic circles to the internet : gender segregation and the rise of female preachers in Saudi Arabia / Amelie Le Renard -- The life of two mujtahidahs : female religious authority in twentieth-century Iran / Mirjam Kunkler and Roja Fazaeli -- The Qubaysiyyat : the growth of an international muslim women's revivalist movement from Syria (1960-2008) / Sarah Islam -- Leading by example-women madrasah teachers in rural North India / Patricia Jeffery, Roger Jeffery, and Craig Jeffrey -- Thinking for oneself? forms and elements of religious authority in Dutch muslim women's groups / Nathal M. Dessing -- Celebrating miss muslim pageants and opposing rock concerts : contrasting the religious authority and leadership of two muslim women in Kazan / N. R. Micinski -- Textual and ritual command : muslim women as keepers and transmitters of interpretive domains in contemporary Bosnia and Herzegovina / Catharina Raudvere -- "She is always present" : female leadership and informal authority in a Swiss muslim women's association / Petra Bleisch Bouzar -- Muslimahs' impact on and acquisition of islamic religious authority in Flanders / Els Vanderwaeren -- Women, leadership, and participation in mosques and beyond : notes from Stuttgart, Germany / Petra Kuppinger -- Remembering Fatimah : new means of legitimizing female authority in contemporary Shifi discourse / Matthew Pierce -- Challenging from within : youth associations and female leadership in Swedish mosques / Pia Karlsson Minganti -- Gender strategy and authority in islamic discourses : female preachers in contemporary Egypt / Hiroko Minesaki -- Translating text to context : muslim women activists in Indonesia / Pieternella Van Doorn-Harder -- Making islam relevant : female authority and representation of Islam in Germany / Riem Spielhaus -- Activism as embodied Tafsir : negotiating women's authority, leadership, and space in north america / Juliane Hammer -- Women's rights to mosque space : access and participation in cape town mosques / Uta Christina Lehmann -- Female leadership in mosques : an evolving narrative / Masooda Bano. |
| 650 #0 - SUBJECT ADDED ENTRY--TOPICAL TERM |
| Topical term or geographic name entry element |
Muslim women |
| Chronological subdivision |
21st century. |
| 650 #0 - SUBJECT ADDED ENTRY--TOPICAL TERM |
| Topical term or geographic name entry element |
Muslim women |
| General subdivision |
Conduct of life. |
| 650 #0 - SUBJECT ADDED ENTRY--TOPICAL TERM |
| Topical term or geographic name entry element |
Muslim women |
| General subdivision |
Religious life. |
| 650 #0 - SUBJECT ADDED ENTRY--TOPICAL TERM |
| Topical term or geographic name entry element |
Sex role |
| General subdivision |
Religious aspects |
| -- |
Islam. |
| 700 1# - ADDED ENTRY--PERSONAL NAME |
| Personal name |
Bano, Masooda, |
| Dates associated with a name |
1973- |
| 700 1# - ADDED ENTRY--PERSONAL NAME |
| Personal name |
Kalmbach, Hilary. |
| 906 ## - LOCAL DATA ELEMENT F, LDF (RLIN) |
| a |
7 |
| b |
cbc |
| c |
orignew |
| d |
1 |
| e |
ecip |
| f |
20 |
| g |
y-gencatlg |
| 942 ## - ADDED ENTRY ELEMENTS (KOHA) |
| Source of classification or shelving scheme |
|
| Koha item type |
Book |